MDQL
is popping MORE tags! Check the
thread
!
Quizzes
Events
Quiz Creation
Community
Videos
Private Events
Remove Ads
Sign In
Join for FREE
Feedback
Dark Mode
Quiz Categories
Sports
Geography
Music
Movies
Television
Just For Fun
Miscellaneous
History
Literature
Language
Science
Gaming
Entertainment
Religion
Holiday
For Kids
Quiz Lab
Recent
Popular Today
Quiz Kudos Today
Editor Picks
Curator Picks
Quizzes by...
Day
Popularity
Type
Ratings
Length
Year
Community
Subscriptions
Recent Discussions
Orange Saloon
Badges
Playlists
Quests
Create
Leaderboards
Showdown
Live 5
Trivia Bingo
Activity
Puzzle Library
Sporcle Events
Private Events
Virtual Trivia
Globe League
Become a Host
Pub Owners
SporcleCon
Opinionation
Our Games
Videos
Blog
Mobile Apps
Partnerships
Remove Ads and Go Orange
Feedback
Gaming
Video Games
Board Games
Card Games
Pokémon
Mario
Nintendo
Minecraft
Console
Toys
Legend of Zelda
Gaming
Video Games
Board Games
Card Games
Pokémon
Mario
Nintendo
Minecraft
Console
Toys
Legend of Zelda
Random Quiz
Search Sporcle
×
Quiz Lab
Quiz Lab
Gaming
Nintendo
Type in answers that appear in a list
Type in answers that appear in a list
Classic
Best Score? Go Orange.
The Legend of Zelda: Skyward Sword Equipment Stats
Can you name all the equipment from 'The Legend of Zelda: Skyward Sword'
By
bzl500
5m
32 Questions
195 Plays
195 Plays
195 Plays
Comments
Comments
Give Quiz Kudos
Give Quiz Kudos
-
- Ratings
hide this ad
Replay
Link that replays current quiz
Next Quiz
Link to next quiz in quiz playlist
You Got
0%
They Got
Avg Score
66%
Avg Friend Score
Upgrade to see
Score Distribution
Jump to the score distribution portion of the page
Score
0/32
Timer
05:00
0
Plays Today
Can you name all the equipment from 'The
Answer
% Correct
Shield
Wooden Shield
93.3%
Sword
Goddess Sword
90.8%
Shield
Hylian Shield
88.2%
Shield
Iron Shield
85.6%
Equipable Item
Bow
85.1%
Equipable Item
Beetle
84.1%
Miscellaneous
Bomb Bag
83.1%
Equipable Item
Bomb
83.1%
Medal
Heart
79.5%
Equipable Item
Whip
78.5%
Medal
Bug
77.9%
Equipable Item
Slingshot
74.4%
Equipable Item
Gust Bellows
72.8%
Equipable Item
Clawshots
67.7%
Medal
Rupee
67.7%
Sword
Practice Sword
66.7%
Can you name all the equipment from 'The
Answer
% Correct
Equipable Item
Digging mitts
64.6%
Miscellaneous
Quiver
64.1%
Shield
Sacred Shield
63.1%
Miscellaneous
Bottle
62.6%
Medal
Treasure
61.5%
Equipable Item
Bug net
60.5%
Medal
Cursed
60%
Medal
Life
53.8%
Miscellaneous
Water Dragon Scale
50.3%
Miscellaneous
Seed Satchel
49.7%
Miscellaneous
Fireshield Earrings
49.2%
Medal
Potion
48.2%
Miscellaneous
Sailcloth
44.6%
Equipable Item
Goddess Harp
42.6%
Miscellaneous
Wallet
42.1%
Miscellaneous
Adventure Pouch
31.8%
Quiz Playlist
Details
Report
Send in Message
Add To Playlist
Classic:
Type in answers that appear in a list
Last Updated: Feb 16, 2017
Quiz Scoreboard
CHALLENGE
Sign Up to Join the Scoreboard
Show All
Scores
Hide
Comments
May contain spoilers
Recently Published
Street Fighter Characters
by Artimus82
Gaming
60s
9x9 Crossword: Cartoon Network
by jackfrog10
Miscellaneous
3m
College Basketball Coaching Resumes
by pancakes188
Sports
9m
More to Explore
Quiz From the Vault
Featured Blog Post
Where Did the Easter Bunny Come From?
hide this ad
You Might Also Like...
Tags
Legend of Zelda Quiz
Nintendo Quiz
Equipment
Legend of Zelda Items
link
Skyward Sword
Sword
Wii
Wii Games
Wii Items
Wii U
Zelda
Today's Top Quizzes in Gaming
Browse Gaming
hide this ad
Today's Top Quizzes in Nintendo
Browse Nintendo
Top Contributed Quizzes in Gaming
1
5-to-1: Consoles
2
7-to-1: Board Game Piece Blitz
3
5-to-1: Legend of Zelda
4
League of Legends Pro Players by Career/Team History
5
Destiny 2 exotic weapons by perk icons
6
Ultimate Genshin Impact Logic Puzzle (up to 4.3)
7
Franchise by Action Figure
8
Who's on the WWE 2K24 Cover?
9
Genshin Impact Logic Puzzle Quiz
10
Order the Pokémon Regions
Explore More
Trending Topics
Marvel
Anime
Harry Potter
NBA
Disney
Crossword
Kpop
Song
Country
WWE
Soccer
Pokémon
The Office
NFL
Puzzle
hide this ad
More By:
bzl500
Quiz
Plays
Rating
Category
Featured
Created
The Legend of Zelda: Skyward Sword Equipment
195
3.67
Gaming
May 17, 2014
Go to Creator's Profile
Score Distribution
Quiz Creator Spotlight
bzl500
Follow
Send a Message
Quizzes Created
-
Created Quiz Play Count
-
More By This Creator
Popular Quizzes Today
1
Find the US States - No Outlines Minefield
2
Find the Countries of Europe - No Outlines Minefield
3
The Countries of the World
4
Find the US States
5
Risky Map Clicking: Biggest States A-Z
6
US States
7
Popular People in 1961
8
Movies - When Are They Set?
More Gaming Quizzes
Simpsons Game Night Quotes
Curator's Pick
Trending Quizzes
Risky Map Clicking: Least Populous States A-Z
Countries of the World: 200 Million BC
1-10 Letter G Words
Risky Map Clicking: Next State Alphabetically
Adjectives in 80s TV Shows
Recently Updated
Leaping Animals
pecheneg
Reality TV Shows (A-Z)
bhenderson79
Rickey Henderson's Hall of Fame Teammates
pecheneg
Champions League XIs: Arsenal
pecheneg
Quick Pick: Celebrities in WWE's Hall of Fame
aduchscher
A-Z Keypad Blitz II
pecheneg
Multiple Oscar Actors
pecheneg
Mystery Phrase Blitz: Oscar 'Best Actors'
pecheneg
F. Scott Fitzgerald Novels
LTH
Pick 3 Villains
ddd62291
Trending Topics
NBA
Disney
Crossword
Anime
Kpop
Harry Potter
Marvel
Puzzle
Pokémon
Soccer
Song
Country
NFL
WWE
The Office
Your Account Isn't Verified!
In order to create a playlist on Sporcle, you need to verify the email address you used during registration. Go to your
Sporcle Settings
to finish the process.
Report this User
Report this user for behavior that violates our
Community Guidelines
.
Details:
Send Report
Go to the Sporcle.com Mobile Site →
Comments